Organizaciones culturales y creativas gerencia e implicaciones prc̀ticas /

Detalles Bibliográficos
Autor principal: Recaman Meja̕, Ana Luca̕
Otros Autores: Ruiz Gutiřrez, Jaime Alberto
Formato: eBook
Lenguaje:español
Publicado: Bogot:̀ Universidad de Los Andes (Colombia), 2019
Materias:
Acceso en línea:Acceso restringido

MARC

LEADER 00000nam a22000007a 4500
005 20190906215412.0
007 cr|||| ||||
008 190906s2019 co |||||s|||| 00||0 spa d
020 |a 978-958-774-780-5 
035 |a 24811 
040 |a vLex 
090 |c 9424  |d 9424 
100 1 |a Recaman Meja̕, Ana Luca̕ 
245 1 0 |a Organizaciones culturales y creativas  |h [Recurso electrn̤ico] :  |b gerencia e implicaciones prc̀ticas /  |c Ana Luca̕ Recaman Meja̕, Jaime Alberto Ruiz Gutiřrez 
256 |a Servicio en ln̕ea 
260 |a Bogot:̀  |b Universidad de Los Andes (Colombia),  |c 2019 
300 |a 1 recurso electrn̤ico 
500 |a Considerar las organizaciones culturales y creativas factores de creacin̤ de valor constituye la base de la gestin̤ que implica el manejo de estos recursos intangibles y simbl̤icos. Si bien la gestin̤ cultural es un tema de naturaleza acadm̌ica relativamente novedoso, existen experiencias en otros pas̕es de Iberoamřica que nutren la fenomenologa̕ de este sector creativo. Con dicha premisa, este libro recoge contribuciones que comparten el hecho de basarse en experiencias concretas de los pas̕es que representan sus autores; voces y reflexiones provenientes de instituciones educativas y de investigacin̤ de Canad,̀ Colombia, Espaą, Mx̌ico y Puerto Rico. 
506 1 |a Disponible solo en los productos indicados  |d vLex Global  |d vLex Global (Academic Edition, excluding Law Schools)  |d vLex Global (U.S. Academic Edition, Law Schools)  |d vLex Global (U.S. Academic Edition, excluding Law Schools)  |d vLex Global (Academic Edition, Law Schools) 
650 0 4 |a Economa̕ y negocios  |z Colombia 
650 0 4 |a Administracin̤ (Management)  |z Colombia 
650 0 4 |a Marketing  |z Colombia 
700 1 |a Ruiz Gutiřrez, Jaime Alberto 
740 0 |a vLex Libros (Servicio en ln̕ea) 
856 4 0 |u http://vlex.com/source/organizaciones-culturales-y-creativas-gerencia-e-implicaciones-practicas-24811  |z Acceso restringido 
942 |c BOOK 
999 0 |a Economy and business 
999 0 |a Administration (Management) 
999 0 |a Marketing